| 000 | 00669cam a2200277 4500 | ||
|---|---|---|---|
| 008 | 090401t1996 xxu||||| |||| 00| 0 eng d | ||
| 020 | _a0421537906 | ||
| 035 | _a(Sirsi) u25293 | ||
| 041 | _aeng | ||
| 050 | _a346.410432 | ||
| 100 | _aSara, C. | ||
| 245 | _aBoundaries and easements. | ||
| 250 | _a2nd ed. | ||
| 260 |
_aLondon _bSweet and Maxwell _c1996 |
||
| 300 | _alvii,636p. ; 25cm. | ||
| 350 | _a105 | ||
| 650 | _aADVERSE POSSESSION | ||
| 650 |
_aBoundary disputes _96221 |
||
| 650 | _aEASEMENTS | ||
| 650 | _aLAND REGISTRATION | ||
| 650 |
_aParty walls _96258 |
||
| 650 | _aPRECEDENTS | ||
| 690 | _aLAND | ||
| 942 | _n0 | ||
| 948 | _c04/03/1997 | ||
| 999 |
_c88712 _d88712 |
||